000 00699nam a2200241Ia 4500
003 OSt
005 20220918224956.0
006 a|||||r|||| 00| 0
007 ta
008 220917b |||||||| |||| 00| 0 eng d
024 _a235,743
037 _cTextual
040 _aARTS
_cARTS
_beng
041 _2eng
_aeng
082 _aT4:3:(V73).2.N6, L1
100 _aTripathi Dwijendra
_9142479
245 0 _aTeaching of american history indian universities
260 _aNew Delhi
_bThe United States Educational Foundation in India
_c1971
300 _a145p
_ccm.
650 _aEDUCATION
942 _hT4:3:(V73).2.N6, L1
_cTEXL
_2CC
999 _c282867
_d282867